Továbbra is Radnóti nevével Az oktatási és ifjúsági bizottság ülése
Elmentve itt :
| Dokumentumtípus: | Cikk |
|---|---|
| Megjelent: |
1991-04-25
|
| Sorozat: | Délmagyarország
81 No. 96 |
| Kulcsszavak: | Radnóti Gimnázium |
| Online Access: | http://dmarchiv.bibl.u-szeged.hu/117348 |
| LEADER | 00455nab a2200145 i 4500 | ||
|---|---|---|---|
| 001 | delm117348 | ||
| 005 | 20191001112533.0 | ||
| 008 | 191001s1991 hu o 0|| hun d | ||
| 040 | |a SZTE Délmagyarország Archívum |b hun | ||
| 041 | |a hun | ||
| 245 | 0 | 0 | |a Továbbra is Radnóti nevével |h [elektronikus dokumentum] : |b Az oktatási és ifjúsági bizottság ülése |
| 260 | |c 1991-04-25 | ||
| 300 | |a 2 | ||
| 490 | 0 | |a Délmagyarország |v 81 No. 96 | |
| 695 | |a Radnóti Gimnázium | ||